|
|
|
|
| LEADER |
00000nab a2200000 a 4500 |
| 001 |
vtls008184969 |
| 003 |
SK-MaSNL |
| 005 |
20260303080339.0 |
| 008 |
170922c2004 xo mr|p|||||||000 b|slo |
| 015 |
|
|
|a SNSK2005
|
| 038 |
|
|
|a SNSK
|
| 040 |
|
|
|a SNSK
|b slo
|c SNSK
|e AACR2
|
| 041 |
0 |
|
|a slo
|
| 044 |
|
|
|a xo
|c SK
|
| 080 |
|
|
|a 630
|x (091)
|2 UDC-MRF-SK2
|
| 100 |
1 |
|
|a Figula, Jozef
|4 aut
|9 1082081
|
| 245 |
1 |
0 |
|a 10 rokov obhospodárovania lesov obce Švedlár
|c Jozef Figula
|
| 300 |
|
|
|b Fotogr., tab.,
|
| 610 |
2 |
7 |
|a Správa obecných lesov (Švedlár, Slovensko)
|2 snsk
|
| 650 |
0 |
7 |
|a výročia a významné udalosti
|2 snsk
|9 16069
|
| 651 |
|
7 |
|a Švedlár (Slovensko)
|2 snsk
|9 58957
|
| 651 |
|
7 |
|a Gelnica (Slovensko : okres)
|2 snsk
|9 168677
|
| 773 |
0 |
|
|t Švedlársky občasník
|g Č. 2 (2004), s. 9
|
| 852 |
|
|
|a SNSK
|b KIS3GCP
|
| 999 |
|
|
|c 1780053
|d 1781983
|